000 00253nam a22001217a 4500
041 _aENG
100 _aZukowski J
245 _aMastering Java 2
260 _aDelhi
_bBPB Publications
_c2000
300 _a1244
650 _aComputer
856 _uComputer
999 _c757
_d757